000 00383 a2200169 4500
001 192827
020 _a978-85-262-4486-3
040 _cMagnum
100 _aSallut, Elza Cesar
240 1 0 _aSabe onde a bola foi parar ?
_lpor
245 1 0 _aSabe onde a bola foi parar ?
300 _a15
362 0 _a2007
440 1 _aScipione
697 _aLITERATURA INFANTIL
942 _cBK
999 _c192827
_d192827